चाहूल (Record no. 126039)

MARC details
000 -LEADER
fixed length control field 00470nam a2200181Ia 4500
008 - FIXED-LENGTH DATA ELEMENTS--GENERAL INFORMATION
fixed length control field 090124s9999 xx 000 0 und d
082 ## - DEWEY DECIMAL CLASSIFICATION NUMBER
Item number 12100
Classification number 2879
100 ## - MAIN ENTRY--PERSONAL NAME
Personal name गोखले अरविंद
245 ## - TITLE STATEMENT
Title चाहूल
250 ## - EDITION STATEMENT
Edition statement 1
260 ## - PUBLICATION, DISTRIBUTION, ETC. (IMPRINT)
Date of publication, distribution, etc 1961
300 ## - PHYSICAL DESCRIPTION
Extent 150
600 ## - SUBJECT ADDED ENTRY--PERSONAL NAME
Personal name गोखले अरविंद
630 ## - SUBJECT ADDED ENTRY--UNIFORM TITLE
Uniform title चाहूल
700 ## - ADDED ENTRY--PERSONAL NAME
Personal name गोखले अरविंद
730 ## - ADDED ENTRY--UNIFORM TITLE
Uniform title चाहूल
942 ## - ADDED ENTRY ELEMENTS (KOHA)
Koha item type Book
Holdings
Withdrawn status Lost status Damaged status Not for loan Home library Current library Date acquired Cost, normal purchase price Total Checkouts Full call number Barcode Date last seen Cost, replacement price Price effective from Koha item type
        Marathi Granth Sangrahalaya,Thane Marathi Granth Sangrahalaya,Thane   3.50   12100 THNMGS-12100 01/24/2009 3.50 01/24/2009 Book